| 000 | 00357nam a2200145Ia 4500 | ||
|---|---|---|---|
| 005 | 20250729165741.0 | ||
| 008 | 250729s1900 xx 000 0 und d | ||
| 041 | _akan | ||
| 082 | _a494.50 VIJJ | ||
| 100 |
_aS Vijaya Kumar _9232101 |
||
| 245 | _aJanapada Geethegalu | ||
| 260 |
_aGadag _bMaruthi Book Center |
||
| 300 | _a80p | ||
| 650 |
_aKannada _9232102 |
||
| 999 |
_c239614 _d239614 |
||